[Event "Titled Tuesday intern op 12th Dec Early"]
[Site "Chess.com INT"]
[Date "2023.12.12"]
[Round "4"]
[White "Skurikhin, Dmitrij"]
[Black "Lohani, Sujana"]
[Result "1-0"]
[WhiteElo "2297"]
[BlackElo "1756"]
[PlyCount "157"]
[EventDate "2023.12.12"]
[EventType "swiss (blitz)"]
[EventRounds "11"]
[EventCountry "USA"]
[SourceTitle "CB51_2023"]
[SourceDate "2023.12.20"]
[SourceVersion "1"]
[SourceVersionDate "2023.12.20"]
[SourceQuality "1"]

1. d4 d6 2. Nf3 g6 3. c4 Bg7 4. Nc3 a6 5. e4 b6 6. Bd3 Bb7 7. Be3 Nd7 8. Qd2 c5 9. d5 Ngf6 10. h3 0-0 11. Bh6 Re8 12. Bxg7 Kxg7 13. g4 e6 14. 0-0-0 exd5 15. exd5 Ne5 16. Nxe5 Rxe5 17. f4 Re7 18. Rde1 b5 19. g5 Nh5 20. Ne4 bxc4 21. Qc3+ Kg8 22. Bxc4 Rb8 23. b3 Bc8 24. Nf6+ Nxf6 25. gxf6 Rxe1+ 26. Rxe1 Bxh3 27. Qxh3 Qxf6 28. Kc2 Qxf4 29. Qe3 Qh2+ 30. Re2 Qh5 31. Qe7 a5 32. Qxd6 Rf8 33. Re7 a4 34. Qxc5 axb3+ 35. Bxb3 Qh2+ 36. Kc3 Qh3+ 37. Kd2 Qh2+ 38. Re2 Qf4+ 39. Kc2 Qf5+ 40. Kb2 Qf3 41. Qe3 Qf6+ 42. Qe5 Qf1 43. d6 Rc8 44. Rc2 Rxc2+ 45. Kxc2 Qf2+ 46. Kc3 Qf3+ 47. Kc4 Qf1+ 48. Kc5 Qc1+ 49. Kb6 Qg1+ 50. Kb7 Qg2+ 51. Kb8 Qc6 52. Qd5 Qb6+ 53. Kc8 Qa6+ 54. Kc7 Qa7+ 55. Qb7 Qc5+ 56. Kd7 Qf5+ 57. Kd8 Qa5+ 58. Qc7 Qa8+ 59. Qc8 Qa5+ 60. Kd7+ Kg7 61. Qc7 Qf5+ 62. Kd8 Qf6+ 63. Kc8 Qf5+ 64. d7 h5 65. Qc3+ f6 66. Qc4 h4 67. Qd5 Qxd5 68. Bxd5 h3 69. d8Q g5 70. Qe7+ Kg6 71. Be4+ f5 72. Qe6+ Kh5 73. Qxf5 h2 74. Bf3+ Kh6 75. Qg4 h1Q 76. Bxh1 Kg7 77. Be4 Kf7 78. Qf5+ Ke7 79. Qxg5+ 1-0

[Event "Titled Tuesday intern op 12th Dec Early"]
[Site "Chess.com INT"]
[Date "2023.12.12"]
[Round "1"]
[White "Skurikhin, Dmitrij"]
[Black "Omelja, Artem"]
[Result "0-1"]
[WhiteElo "2297"]
[BlackElo "2434"]
[PlyCount "122"]
[EventDate "2023.12.12"]
[EventType "swiss (blitz)"]
[EventRounds "11"]
[EventCountry "USA"]
[SourceTitle "CB51_2023"]
[SourceDate "2023.12.20"]
[SourceVersion "1"]
[SourceVersionDate "2023.12.20"]
[SourceQuality "1"]

1. d4 d5 2. Nf3 Nf6 3. c4 c6 4. Nc3 e6 5. cxd5 exd5 6. Bg5 Be7 7. e3 Bf5 8. Bd3 Bxd3 9. Qxd3 Nbd7 10. 0-0 0-0 11. a3 Re8 12. b4 a6 13. Rac1 Ne4 14. Bxe7 Qxe7 15. Nd2 f5 16. Na4 Rf8 17. Nc5 Ndf6 18. Nf3 Rae8 19. Ne5 Ng4 20. f4 Qh4 21. h3 Ngf2 22. Qe2 Qg3 23. Rxf2 Nxf2 24. Qxf2 Qxf2+ 25. Kxf2 Re7 26. a4 g6 27. a5 Kg7 28. h4 h6 29. Ncd3 Rfe8 30. Nc5 Rh8 31. g3 g5 32. h5 Rg8 33. Ncd3 Kf6 34. Nf3 gxf4 35. gxf4 Reg7 36. Rg1 Rxg1 37. Nxg1 Rg4 38. Nf3 Rg7 39. Nde5 Ke6 40. Nd3 Rf7 41. Nc5+ Kd6 42. Nd3 Rg7 43. Nc5 Re7 44. Nd3 Kc7 45. Nde5 Re6 46. Nd3 b6 47. Nfe5 Rf6 48. Kf3 Rf8 49. Ng6 Rb8 50. Ne7 bxa5 51. bxa5 Rb5 52. Nc5 Rxa5 53. Nxf5 Ra1 54. Nxh6 a5 55. Nf7 a4 56. h6 Rh1 57. Nxa4 Kd7 58. Nc5+ Ke7 59. Ng5 Rxh6 60. e4 dxe4+ 61. Kxe4 Rh1 0-1

[Event "Titled Tuesday intern op 07th Feb Early"]
[Site "Chess.com INT"]
[Date "2023.02.07"]
[Round "9"]
[White "Brilej, Jaka"]
[Black "Skurikhin, Dmitrij"]
[Result "1-0"]
[WhiteElo "2332"]
[BlackElo "2297"]
[PlyCount "45"]
[EventDate "2023.02.07"]
[EventType "swiss (blitz)"]
[EventRounds "11"]
[EventCountry "USA"]
[SourceTitle "EXT 2024"]
[Source "ChessBase"]
[SourceDate "2023.10.10"]
[SourceVersion "1"]
[SourceVersionDate "2023.10.10"]
[SourceQuality "1"]

1. d4 Nf6 2. c4 g6 3. Nc3 d5 4. Nf3 Bg7 5. Bg5 Ne4 6. Bf4 Nxc3 7. bxc3 0-0 8. e3 c5 9. Qd2 cxd4 10. cxd4 Nc6 11. Rb1 Bg4 12. c5 Bxf3 13. gxf3 e5 14. dxe5 Nxe5 15. Bxe5 Bxe5 16. Rxb7 Qf6 17. Rb3 Qxf3 18. Rg1 Bxh2 19. Rg2 Be5 20. Rg5 f6 21. Bg2 fxg5 22. Bxf3 Rxf3 23. Qxd5+ 1-0

[Event "Titled Tuesday intern op 07th Feb Early"]
[Site "Chess.com INT"]
[Date "2023.02.07"]
[Round "4"]
[White "Horobetz, Graham"]
[Black "Skurikhin, Dmitrij"]
[Result "1-0"]
[WhiteElo "2134"]
[BlackElo "2297"]
[PlyCount "63"]
[EventDate "2023.02.07"]
[EventType "swiss (blitz)"]
[EventRounds "11"]
[EventCountry "USA"]
[SourceTitle "EXT 2024"]
[Source "ChessBase"]
[SourceDate "2023.10.10"]
[SourceVersion "1"]
[SourceVersionDate "2023.10.10"]
[SourceQuality "1"]

1. e4 e5 2. Nf3 Nc6 3. Bb5 Nf6 4. 0-0 Nxe4 5. Re1 Nd6 6. Nxe5 Nxe5 7. Rxe5+ Be7 8. Bf1 0-0 9. d4 Ne8 10. d5 Bf6 11. Re1 d6 12. Nd2 g6 13. Ne4 Bg7 14. Bg5 Qd7 15. c3 h6 16. Be3 f5 17. Nd2 Nf6 18. Nf3 Qf7 19. Qb3 Kh7 20. Rad1 a5 21. a4 b6 22. Bb5 Bb7 23. c4 Bc8 24. Nd4 Ng4 25. Ne6 Nxe3 26. Nxf8+ Qxf8 27. Qxe3 f4 28. Qe7 Bf5 29. Qxf8 Rxf8 30. Re7 g5 31. Rxc7 Rf7 32. Rxf7 1-0

[Event "Titled Tuesday intern op 07th Feb Early"]
[Site "Chess.com INT"]
[Date "2023.02.07"]
[Round "7"]
[White "Larina, Marija"]
[Black "Skurikhin, Dmitrij"]
[Result "0-1"]
[WhiteElo "1948"]
[BlackElo "2297"]
[PlyCount "70"]
[EventDate "2023.02.07"]
[EventType "swiss (blitz)"]
[EventRounds "11"]
[EventCountry "USA"]
[SourceTitle "EXT 2024"]
[Source "ChessBase"]
[SourceDate "2023.10.10"]
[SourceVersion "1"]
[SourceVersionDate "2023.10.10"]
[SourceQuality "1"]

1. e4 e5 2. Nf3 Nc6 3. Nc3 Nf6 4. Bb5 Bb4 5. 0-0 0-0 6. d3 d6 7. Ne2 h6 8. c3 Ba5 9. Ng3 Ne7 10. d4 Ng6 11. Re1 Bg4 12. b4 Bb6 13. h3 Bxf3 14. gxf3 c6 15. Bf1 Nh7 16. Nf5 Ng5 17. Kh2 Qf6 18. Be3 d5 19. Bg2 exd4 20. cxd4 Bc7+ 21. Ng3 Nh4 22. Bxg5 Qxg5 23. Qc1 Bf4 24. Qc3 h5 25. e5 Nxg2 26. Kxg2 Qh4 27. Rh1 Qg5 28. Kf1 h4 29. Ne2 Qf5 30. Nxf4 Qxf4 31. Qe3 Qf5 32. Ke2 a5 33. b5 cxb5 34. Qd2 Rfc8 35. Rag1 Rc2 0-1

[Event "Titled Tuesday intern op 17th Jan Early"]
[Site "Chess.com INT"]
[Date "2023.01.17"]
[Round "6"]
[White "Begunov, Konstantin"]
[Black "Skurikhin, Dmitrij"]
[Result "0-1"]
[WhiteElo "2276"]
[BlackElo "2297"]
[PlyCount "60"]
[EventDate "2023.01.17"]
[EventType "swiss (blitz)"]
[EventRounds "11"]
[EventCountry "USA"]
[SourceTitle "CBM 212 Extra"]
[Source "ChessBase"]
[SourceDate "2023.03.31"]
[SourceVersion "1"]
[SourceVersionDate "2023.03.31"]
[SourceQuality "1"]

1. d4 d5 2. c4 c6 3. Nc3 Nf6 4. Nf3 dxc4 5. a4 Bf5 6. e3 e6 7. Bxc4 Bb4 8. 0-0 Nbd7 9. Qe2 Bg6 10. Rd1 0-0 11. Ne5 Nxe5 12. dxe5 Nd7 13. f4 Qe7 14. Bd2 Kh8 15. Be1 a5 16. Qg4 f5 17. exf6 Nxf6 18. Qf3 Bh5 19. Qh3 Bxd1 20. Rxd1 Rad8 21. Rxd8 Qxd8 22. Bxe6 Re8 23. Bf7 Re7 24. Bc4 Bxc3 25. Bxc3 Qd1+ 26. Bf1 Qc1 27. Be5 Re8 28. Qf5 Qxe3+ 29. Kh1 Ne4 30. h3 Ng3+ 0-1

[Event "Titled Tuesday intern op 17th Jan Early"]
[Site "Chess.com INT"]
[Date "2023.01.17"]
[Round "11"]
[White "Skurikhin, Dmitrij"]
[Black "Gatterer, Florian"]
[Result "1/2-1/2"]
[WhiteElo "2297"]
[BlackElo "2175"]
[PlyCount "26"]
[EventDate "2023.01.17"]
[EventType "swiss (blitz)"]
[EventRounds "11"]
[EventCountry "USA"]
[SourceTitle "CBM 212 Extra"]
[Source "ChessBase"]
[SourceDate "2023.03.31"]
[SourceVersion "1"]
[SourceVersionDate "2023.03.31"]
[SourceQuality "1"]

1. d4 d5 2. Nf3 Nf6 3. c4 c6 4. Nc3 g6 5. Bf4 dxc4 6. e3 Nd5 7. Be5 f6 8. Bg3 Nxc3 9. bxc3 Qa5 10. Bxc4 Qxc3+ 11. Nd2 e6 12. Rc1 Qa5 13. 0-0 Bb4 1/2-1/2

[Event "Titled Tuesday intern op 10th Jan Late"]
[Site "Chess.com INT"]
[Date "2023.01.10"]
[Round "3"]
[White "Mikhalsky, Vladimir"]
[Black "Skurikhin, Dmitrij"]
[Result "0-1"]
[WhiteElo "2269"]
[BlackElo "2297"]
[PlyCount "108"]
[EventDate "2023.01.10"]
[EventType "swiss (blitz)"]
[EventRounds "11"]
[EventCountry "USA"]
[SourceTitle "EXT 2024"]
[Source "ChessBase"]
[SourceDate "2023.10.10"]
[SourceVersion "1"]
[SourceVersionDate "2023.10.10"]
[SourceQuality "1"]

1. e4 e6 2. d4 d5 3. e5 c5 4. Qg4 Nc6 5. Nf3 cxd4 6. Bd3 Qc7 7. Bf4 Nge7 8. 0-0 Ng6 9. Re1 h5 10. Qg3 h4 11. Qg4 Nxf4 12. Qxf4 Be7 13. Nxd4 Nxd4 14. Qxd4 Bd7 15. Nc3 a6 16. Qg4 g5 17. Ne2 Qxe5 18. c4 f5 19. Qf3 g4 20. Qf4 Bd6 21. Qxe5 Bxe5 22. cxd5 0-0 23. dxe6 Bxe6 24. Nc1 Bxb2 25. Rb1 Bxc1 26. Rxe6 Rac8 27. Rxb7 Bd2 28. Rxa6 Rc1+ 29. Bf1 g3 30. hxg3 hxg3 31. Rg6+ Kh8 32. Rxg3 Re8 33. Rh3+ Kg8 34. g4 Ree1 35. gxf5 Rxf1+ 36. Kg2 Rg1+ 37. Kf3 Rc3+ 38. Ke2 Rxh3 39. Kxd2 Rf3 40. Ke2 Rxf5 41. a4 Rg2 42. Rb8+ Kg7 43. Rb7+ Kg6 44. Rb6+ Kg5 45. Rb5 Rgxf2+ 46. Kd3 Rxb5 47. axb5 Kf6 48. Kd4 Ke6 49. Kc5 Kd7 50. Kb6 Rb2 51. Ka6 Kc7 52. Ka5 Kb7 53. Ka4 Kb6 54. Ka3 Rxb5 0-1

[Event "Titled Tuesday intern op 10th Jan Early"]
[Site "Chess.com INT"]
[Date "2023.01.10"]
[Round "11"]
[White "Ovezdurdiyeva, Jemal"]
[Black "Skurikhin, Dmitrij"]
[Result "1-0"]
[WhiteElo "2127"]
[BlackElo "2297"]
[PlyCount "133"]
[EventDate "2023.01.10"]
[EventType "swiss (blitz)"]
[EventRounds "11"]
[EventCountry "USA"]
[SourceTitle "EXT 2024"]
[Source "ChessBase"]
[SourceDate "2023.10.10"]
[SourceVersion "1"]
[SourceVersionDate "2023.10.10"]
[SourceQuality "1"]

1. e4 e6 2. d4 d5 3. Nd2 c5 4. Ngf3 cxd4 5. Nxd4 Nc6 6. Nxc6 bxc6 7. Bd3 Nf6 8. 0-0 Bd6 9. Qe2 Qc7 10. c4 Bxh2+ 11. Kh1 Bf4 12. cxd5 cxd5 13. exd5 Nxd5 14. Nc4 Bxc1 15. Raxc1 0-0 16. Qe4 f5 17. Qd4 Qf4 18. Qxf4 Nxf4 19. Bc2 Bb7 20. f3 Ne2 21. Nd6 Bd5 22. Bb3 Bxb3 23. axb3 Nxc1 24. Rxc1 Rfd8 25. Nc4 Rd3 26. Re1 Re8 27. b4 h6 28. Ra1 Rc8 29. Ne5 Rd5 30. Ng6 Kf7 31. Nf4 Rd4 32. Rxa7+ Kf6 33. Nh5+ Kg5 34. Nxg7 Rd1+ 35. Kh2 Re1 36. Ra6 Kf6 37. Nh5+ Kg5 38. Ng7 Kf6 39. Nh5+ Kf7 40. Ra7+ Kg6 41. g4 fxg4 42. fxg4 Rc2+ 43. Kg3 Re3+ 44. Kf4 Rc4+ 45. Kxe3 Rxg4 46. Nf4+ Kf5 47. Rf7+ Ke5 48. Nd3+ Kd5 49. Rh7 Rg3+ 50. Kd2 Kc4 51. Rd7 Rg2+ 52. Ke3 Rg3+ 53. Ke4 h5 54. Rc7+ Kb5 55. Rb7+ Ka6 56. Rh7 Rg5 57. Rh6 Kb5 58. Rxe6 Rg4+ 59. Ke3 Rg3+ 60. Kd2 Kc4 61. Re4+ Kd5 62. Rh4 Rg2+ 63. Kc3 Rg3 64. Rxh5+ Kc6 65. b5+ Kb7 66. b4 Rxd3+ 67. Kxd3 1-0

[Event "Titled Tuesday intern op 10th Jan Late"]
[Site "Chess.com INT"]
[Date "2023.01.10"]
[Round "5"]
[White "Skurikhin, Dmitrij"]
[Black "Berezin, Viktor1111"]
[Result "0-1"]
[WhiteElo "2297"]
[BlackElo "2307"]
[PlyCount "72"]
[EventDate "2023.01.10"]
[EventType "swiss (blitz)"]
[EventRounds "11"]
[EventCountry "USA"]
[SourceTitle "EXT 2024"]
[Source "ChessBase"]
[SourceDate "2023.10.10"]
[SourceVersion "1"]
[SourceVersionDate "2023.10.10"]
[SourceQuality "1"]

1. d4 Nf6 2. Nf3 g6 3. c4 Bg7 4. Nc3 0-0 5. e4 d6 6. Be2 e5 7. 0-0 Na6 8. Be3 Qe8 9. dxe5 dxe5 10. Nd2 c6 11. c5 Qe7 12. Nb3 Be6 13. Qc2 Rfd8 14. Rfd1 Ng4 15. Bxg4 Bxg4 16. f3 Be6 17. a3 f5 18. Kh1 f4 19. Bf2 g5 20. Rxd8+ Rxd8 21. Rd1 Rxd1+ 22. Qxd1 h5 23. Na5 Bf8 24. b4 g4 25. Nb1 Qc7 26. Nb3 Qf7 27. N3d2 Be7 28. Qe2 Qg6 29. Nc3 h4 30. Nc4 Qg5 31. Be1 h3 32. gxh3 g3 33. Na5 Bxh3 34. hxg3 fxg3 35. Bd2 Qh4 36. Kg1 Bf1 0-1

[Event "Titled Tuesday intern op 10th Jan Early"]
[Site "Chess.com INT"]
[Date "2023.01.10"]
[Round "5"]
[White "Skurikhin, Dmitrij"]
[Black "Urbina Perez, Juan Antonio"]
[Result "0-1"]
[WhiteElo "2297"]
[BlackElo "2274"]
[PlyCount "84"]
[EventDate "2023.01.10"]
[EventType "swiss (blitz)"]
[EventRounds "11"]
[EventCountry "USA"]
[SourceTitle "EXT 2024"]
[Source "ChessBase"]
[SourceDate "2023.10.10"]
[SourceVersion "1"]
[SourceVersionDate "2023.10.10"]
[SourceQuality "1"]

1. d4 Nf6 2. Nf3 d5 3. c4 e6 4. Nc3 Nbd7 5. Bg5 Bb4 6. cxd5 exd5 7. e3 c5 8. Qc2 Qa5 9. Bd3 c4 10. Bf5 0-0 11. 0-0 Bxc3 12. bxc3 Re8 13. Nd2 g6 14. Bxd7 Nxd7 15. a4 Nb6 16. Rfb1 Bf5 17. e4 dxe4 18. Rb5 Qa6 19. g4 Bxg4 20. Nxe4 Nd7 21. Nd2 Qe6 22. Rxb7 Be2 23. Qe4 Qxe4 24. Nxe4 Rxe4 25. f3 Bxf3 26. Rxd7 Rg4+ 27. Kf2 Be4 28. Bh6 Re8 29. Re1 f5 30. Re3 Rg2+ 31. Kf1 Rxh2 32. Bf4 Rh1+ 33. Kf2 Ra1 34. Rxa7 Ra2+ 35. Kg3 Rg2+ 36. Kh3 Rg4 37. Be5 Kf8 38. Bg7+ Kg8 39. Be5 Rg1 40. Rg7+ Kf8 41. Rxh7 Rh1+ 42. Bh2 Kg8 0-1

[Event "Titled Tuesday intern op 10th Jan Early"]
[Site "Chess.com INT"]
[Date "2023.01.10"]
[Round "7"]
[White "Topalov, Aleksandar"]
[Black "Skurikhin, Dmitrij"]
[Result "1-0"]
[WhiteElo "2233"]
[BlackElo "2297"]
[PlyCount "71"]
[EventDate "2023.01.10"]
[EventType "swiss (blitz)"]
[EventRounds "11"]
[EventCountry "USA"]
[SourceTitle "EXT 2024"]
[Source "ChessBase"]
[SourceDate "2023.10.10"]
[SourceVersion "1"]
[SourceVersionDate "2023.10.10"]
[SourceQuality "1"]

1. b3 d5 2. Bb2 c5 3. e3 a6 4. f4 Nc6 5. Nf3 Bg4 6. Be2 Bxf3 7. Bxf3 e6 8. 0-0 Nf6 9. d3 Bd6 10. Nd2 Qc7 11. g3 h5 12. e4 dxe4 13. dxe4 Be7 14. Nc4 Rd8 15. Qe2 b5 16. Ne5 Nd4 17. Bxd4 cxd4 18. Rad1 h4 19. g4 Bd6 20. Nxf7 Kxf7 21. e5 Bc5 22. Rd3 Nd5 23. Be4 Ke7 24. Bg6 Nb4 25. f5 Nxd3 26. f6+ gxf6 27. exf6+ Kf8 28. cxd3 Qd6 29. g5 Rg8 30. Qh5 Rd7 31. Qh6+ Rdg7 32. fxg7+ Ke7 33. Bh7 Rd8 34. g8Q Rxg8 35. Bxg8 Qe5 36. Qf6+ 1-0

[Event "Titled Tuesday intern op 04th Jan"]
[Site "Chess.com INT"]
[Date "2022.01.04"]
[Round "6"]
[White "Skurikhin, Dmitrij"]
[Black "Johnson, Ben"]
[Result "1-0"]
[WhiteElo "2297"]
[BlackElo "2104"]
[PlyCount "85"]
[EventDate "2022.01.04"]
[EventType "swiss (blitz)"]
[EventRounds "11"]
[EventCountry "USA"]
[SourceTitle "EXT 2023"]
[Source "ChessBase"]
[SourceDate "2022.10.05"]
[SourceVersion "1"]
[SourceVersionDate "2022.10.05"]
[SourceQuality "1"]

1. d4 Nf6 2. c4 e6 3. Nc3 Bb4 4. Qc2 0-0 5. a3 Bxc3+ 6. Qxc3 d5 7. Bg5 dxc4 8. Qxc4 h6 9. Bh4 b6 10. e3 Ba6 11. Qc2 Bxf1 12. Kxf1 Nbd7 13. Rc1 Rc8 14. Qc6 Qe7 15. Nf3 Qd6 16. Ke2 Qxc6 17. Rxc6 Nb8 18. Rc2 Ne4 19. Rhc1 g5 20. Bg3 c5 21. Nd2 Nxg3+ 22. hxg3 Nd7 23. b4 Rfd8 24. bxc5 bxc5 25. Nb3 c4 26. Rxc4 Rb8 27. Na5 Rb2+ 28. R1c2 Rdb8 29. Nc6 R8b3 30. Nxa7 Nb6 31. Rc6 Rxc2+ 32. Rxc2 Rxa3 33. Nb5 Rb3 34. Nc7 Kg7 35. g4 Na4 36. Kf3 Rb1 37. Ne8+ Kg6 38. Nd6 Nb2 39. Rc7 f5 40. Nf7 fxg4+ 41. Kxg4 Rg1 42. Ne5+ Kf6 43. Rf7# 1-0

[Event "Titled Tuesday intern op 30th Nov"]
[Site "Chess.com INT"]
[Date "2021.11.30"]
[Round "7"]
[White "Musovic, Armin"]
[Black "Skurikhin, Dmitrij"]
[Result "1-0"]
[WhiteElo "2338"]
[BlackElo "2297"]
[PlyCount "51"]
[EventDate "2021.11.30"]
[EventType "swiss (blitz)"]
[EventRounds "11"]
[EventCountry "USA"]
[SourceTitle "CBM 205 Extra"]
[Source "ChessBase"]
[SourceDate "2022.01.31"]
[SourceVersion "1"]
[SourceVersionDate "2022.01.31"]
[SourceQuality "1"]

1. a3 g6 2. Nc3 Bg7 3. e4 e5 4. Bc4 Ne7 5. d3 0-0 6. Bg5 c6 7. Nge2 Kh8 8. 0-0 f6 9. Bh4 d5 10. Ba2 Be6 11. Kh1 g5 12. Bg3 Ng6 13. d4 exd4 14. Nxd4 Bg8 15. exd5 cxd5 16. Nf5 Nc6 17. Bxd5 Qd7 18. Be4 Rad8 19. Qxd7 Rxd7 20. Rad1 Rfd8 21. Rxd7 Rxd7 22. Rd1 Rxd1+ 23. Nxd1 Nge7 24. Nde3 Nxf5 25. Nxf5 Bf8 26. Bd6 1-0

[Event "Titled Tuesday intern op 30th Nov"]
[Site "Chess.com INT"]
[Date "2021.11.30"]
[Round "6"]
[White "Omariev, Maksim"]
[Black "Skurikhin, Dmitrij"]
[Result "0-1"]
[WhiteElo "2304"]
[BlackElo "2297"]
[PlyCount "78"]
[EventDate "2021.11.30"]
[EventType "swiss (blitz)"]
[EventRounds "11"]
[EventCountry "USA"]
[SourceTitle "CBM 205 Extra"]
[Source "ChessBase"]
[SourceDate "2022.01.31"]
[SourceVersion "1"]
[SourceVersionDate "2022.01.31"]
[SourceQuality "1"]

1. g4 c6 2. Bg2 d5 3. h3 g6 4. d4 Bg7 5. Nf3 h5 6. g5 Bf5 7. c4 Nd7 8. Nc3 e6 9. Bf4 Ne7 10. Qb3 b6 11. Rc1 0-0 12. 0-0 Re8 13. cxd5 exd5 14. Rfe1 Nf8 15. Be5 Ne6 16. Bxg7 Kxg7 17. e3 Nc8 18. Ne2 Nxg5 19. Nxg5 Qxg5 20. Nf4 Ne7 21. Kh2 Rac8 22. Rg1 Qh4 23. Rcf1 Kh7 24. Qd1 Ng8 25. Bf3 Nf6 26. Rg3 Be4 27. Rfg1 Bxf3 28. Qxf3 Rg8 29. R3g2 Rce8 30. Nd3 Re4 31. Ne5 Rg7 32. Rg5 Ng4+ 33. Nxg4 hxg4 34. R5xg4 Rxg4 35. Rxg4 Qh5 36. Qg3 g5 37. Qe5 Qg6 38. Qe7 f5 39. Qe5 fxg4 0-1

[Event "Titled Tuesday intern op 30th Nov"]
[Site "Chess.com INT"]
[Date "2021.11.30"]
[Round "1"]
[White "Skurikhin, Dmitrij"]
[Black "Sadovsky, Artem"]
[Result "1-0"]
[WhiteElo "2297"]
[BlackElo "2317"]
[PlyCount "85"]
[EventDate "2021.11.30"]
[EventType "swiss (blitz)"]
[EventRounds "11"]
[EventCountry "USA"]
[SourceTitle "CBM 205 Extra"]
[Source "ChessBase"]
[SourceDate "2022.01.31"]
[SourceVersion "1"]
[SourceVersionDate "2022.01.31"]
[SourceQuality "1"]

1. d4 g6 2. e4 Bg7 3. Nc3 c6 4. h3 d5 5. exd5 cxd5 6. Nf3 Nc6 7. Bb5 Bf5 8. 0-0 e6 9. Re1 Nge7 10. Bg5 h5 11. Qd2 a6 12. Bxc6+ bxc6 13. Na4 f6 14. Bf4 g5 15. Bg3 Kf7 16. Nc5 h4 17. Bh2 Ra7 18. Re2 Re8 19. Rae1 Ng6 20. Nd3 Bf8 21. c3 Bxd3 22. Qxd3 Bd6 23. b4 Bxh2+ 24. Nxh2 Qd6 25. Ng4 a5 26. b5 Kg7 27. Rb2 c5 28. dxc5 Qxc5 29. Qd4 Qxd4 30. cxd4 Rb7 31. Rc1 Reb8 32. a4 Kf7 33. Rc6 Ne7 34. Rc5 Nf5 35. Rd2 Nd6 36. f3 Nc4 37. Rc2 Ke7 38. Kf2 Rd8 39. Ne3 Nb6 40. Ra2 Rdd7 41. Nf1 Rdc7 42. Nd2 Nd7 43. Nb3 1-0

[Event "Titled Tuesday intern op 23rd Nov"]
[Site "Chess.com INT"]
[Date "2021.11.23"]
[Round "8"]
[White "Khokhlova, Daria"]
[Black "Skurikhin, Dmitrij"]
[Result "1-0"]
[WhiteElo "2134"]
[BlackElo "2297"]
[PlyCount "71"]
[EventDate "2021.11.23"]
[EventType "swiss (blitz)"]
[EventRounds "11"]
[EventCountry "USA"]
[SourceTitle "CBM 205 Extra"]
[Source "ChessBase"]
[SourceDate "2022.01.31"]
[SourceVersion "1"]
[SourceVersionDate "2022.01.31"]
[SourceQuality "1"]

1. d4 d5 2. c4 c6 3. Nf3 Nf6 4. e3 Bf5 5. Nc3 e6 6. Nh4 Be4 7. f3 Bg6 8. Qb3 Qc7 9. Bd2 Nbd7 10. Rc1 Qb6 11. Be2 Be7 12. 0-0 0-0 13. Nxg6 hxg6 14. Qxb6 axb6 15. e4 Bb4 16. e5 Ne8 17. cxd5 exd5 18. a3 Be7 19. f4 b5 20. Na2 Nc7 21. Bb4 Bxb4 22. Nxb4 Ne6 23. Rcd1 Nb6 24. Rf2 Nc4 25. Bf1 Rfd8 26. Rd3 Rac8 27. g4 g5 28. fxg5 Nxg5 29. Bg2 Ne4 30. Rf4 g5 31. Rf5 Kh7 32. Nc2 c5 33. Rh3+ Kg6 34. Bxe4 dxe4 35. Rh5 cxd4 36. Rfxg5# 1-0

[Event "Titled Tuesday intern op 23rd Nov"]
[Site "Chess.com INT"]
[Date "2021.11.23"]
[Round "5"]
[White "Sarkar, Justin"]
[Black "Skurikhin, Dmitrij"]
[Result "0-1"]
[WhiteElo "2321"]
[BlackElo "2297"]
[PlyCount "46"]
[EventDate "2021.11.23"]
[EventType "swiss (blitz)"]
[EventRounds "11"]
[EventCountry "USA"]
[SourceTitle "CBM 205 Extra"]
[Source "ChessBase"]
[SourceDate "2022.01.31"]
[SourceVersion "1"]
[SourceVersionDate "2022.01.31"]
[SourceQuality "1"]

1. e4 c6 2. d4 d5 3. e5 Bf5 4. Be2 e6 5. Nf3 c5 6. Be3 Nc6 7. dxc5 Nge7 8. Nc3 Ng6 9. Nb5 Ngxe5 10. Nxe5 Nxe5 11. Bf4 f6 12. Nd4 Bxc5 13. Nxf5 exf5 14. Bxe5 fxe5 15. Bb5+ Kf7 16. 0-0 g6 17. a4 a6 18. Be2 e4 19. c3 Qh4 20. b4 Ba7 21. Qxd5+ Kg7 22. Qxb7+ Kh6 23. g3 Qf6 0-1

[Event "Titled Tuesday intern op 23rd Nov"]
[Site "Chess.com INT"]
[Date "2021.11.23"]
[Round "7"]
[White "Skurikhin, Dmitrij"]
[Black "De Souza, Cristiano Gomes"]
[Result "1-0"]
[WhiteElo "2297"]
[BlackElo "2018"]
[PlyCount "39"]
[EventDate "2021.11.23"]
[EventType "swiss (blitz)"]
[EventRounds "11"]
[EventCountry "USA"]
[SourceTitle "CBM 205 Extra"]
[Source "ChessBase"]
[SourceDate "2022.01.31"]
[SourceVersion "1"]
[SourceVersionDate "2022.01.31"]
[SourceQuality "1"]

1. d4 Nf6 2. Nf3 g6 3. Nc3 Bg7 4. e4 d6 5. Be2 0-0 6. 0-0 c6 7. Bg5 Nbd7 8. Qd2 b5 9. a3 Bb7 10. Rad1 a5 11. e5 Ne8 12. Bh6 Qc7 13. Bxg7 Kxg7 14. Qf4 h6 15. h4 Nb6 16. h5 g5 17. Nxg5 hxg5 18. Qxg5+ Kh8 19. Qh6+ Kg8 20. Rd3 1-0

[Event "Titled Tuesday intern op 23rd Nov"]
[Site "Chess.com INT"]
[Date "2021.11.23"]
[Round "1"]
[White "Skurikhin, Dmitrij"]
[Black "Kosakowski, Jakub"]
[Result "0-1"]
[WhiteElo "2297"]
[BlackElo "2438"]
[PlyCount "82"]
[EventDate "2021.11.23"]
[EventType "swiss (blitz)"]
[EventRounds "11"]
[EventCountry "USA"]
[SourceTitle "CBM 205 Extra"]
[Source "ChessBase"]
[SourceDate "2022.01.31"]
[SourceVersion "1"]
[SourceVersionDate "2022.01.31"]
[SourceQuality "1"]

1. d4 Nf6 2. Nf3 e6 3. c4 Bb4+ 4. Nc3 b6 5. Bg5 Bb7 6. e3 h6 7. Bh4 Bxc3+ 8. bxc3 d6 9. Be2 Nbd7 10. 0-0 Qe7 11. a4 a5 12. Nd2 g5 13. Bg3 h5 14. h4 Ng4 15. Bf3 0-0-0 16. Bxb7+ Kxb7 17. Nf3 f6 18. Rb1 Nh6 19. e4 Rhg8 20. Rb5 e5 21. c5 dxc5 22. hxg5 fxg5 23. Bxe5 g4 24. Nd2 Nxe5 25. dxe5 Qxe5 26. Nc4 Qxc3 27. Nxa5+ Ka6 28. Qb3 Qxb3 29. Nxb3 Nf7 30. Rb1 Ne5 31. Na1 Nc4 32. Nc2 Nd2 33. Re1 Rge8 34. e5 Rd5 35. e6 Rd6 36. Ne3 Rexe6 37. Rc1 g3 38. Rb2 gxf2+ 39. Kxf2 Ne4+ 40. Kg1 Ng3 41. Nf1 Ne2+ 0-1

[Event "Titled Tuesday intern op 16th Nov"]
[Site "Chess.com INT"]
[Date "2021.11.16"]
[Round "2"]
[White "Butti, Enrique"]
[Black "Skurikhin, Dmitrij"]
[Result "0-1"]
[WhiteElo "2065"]
[BlackElo "2297"]
[PlyCount "30"]
[EventDate "2021.11.16"]
[EventType "swiss (blitz)"]
[EventRounds "11"]
[EventCountry "USA"]
[SourceTitle "CBM 205 Extra"]
[Source "ChessBase"]
[SourceDate "2022.01.31"]
[SourceVersion "1"]
[SourceVersionDate "2022.01.31"]
[SourceQuality "1"]

1. d4 c6 2. e4 d5 3. exd5 cxd5 4. c4 Nc6 5. Nc3 e6 6. Nf3 Bb4 7. Bd3 Nf6 8. 0-0 dxc4 9. Bxc4 0-0 10. Re1 b6 11. Bg5 Bb7 12. Qd3 Be7 13. Rad1 Nb4 14. Ne5 Rc8 15. Bb3 Nxd3 0-1